Contract law / (Record no. 5486)

MARC details
000 -LEADER
fixed length control field 00464nam a22001697a 4500
008 - FIXED-LENGTH DATA ELEMENTS--GENERAL INFORMATION
fixed length control field 130817b xxu||||| |||| 00| 0 eng d
020 ## - INTERNATIONAL STANDARD BOOK NUMBER
International Standard Book Number 9-7802-3028-5699
082 ## - DEWEY DECIMAL CLASSIFICATION NUMBER
Edition number 21 ed.
Classification number 346.022 MCK
100 ## - MAIN ENTRY--PERSONAL NAME
Personal name McKendrick, Ewan
245 ## - TITLE STATEMENT
Title Contract law /
Statement of responsibility, etc Ewan McKendrick
250 ## - EDITION STATEMENT
Edition statement 9 ed.
260 ## - PUBLICATION, DISTRIBUTION, ETC. (IMPRINT)
Place of publication, distribution, etc Palgrave Macmillan :
Name of publisher, distributor, etc Basingstoke
Date of publication, distribution, etc 2011
300 ## - PHYSICAL DESCRIPTION
Extent xxxiii, 396 P. ;
Dimensions 24 cm.
500 ## - GENERAL NOTE
General note Includes Index
650 ## - SUBJECT ADDED ENTRY--TOPICAL TERM
Topical term or geographic name as entry element Contract law
942 ## - ADDED ENTRY ELEMENTS (KOHA)
Source of classification or shelving scheme Dewey Decimal Classification
Item type Books
Holdings
Withdrawn status Lost status Source of classification or shelving scheme Damaged status Not for loan Home library Current library Shelving location Date acquired Total Checkouts Full call number Barcode Date last seen Copy number Price effective from Koha item type Public note
    Dewey Decimal Classification     Law Development Centre Main Library Law Development Centre Main Library Text Books and Laws 08/17/2013   346.022 MCK 6120/2013 08/17/2013 1 08/17/2013 Books Reserve